| 000 | 01039nam a2200325 a 4500 | ||
|---|---|---|---|
| 999 |
_c3407 _d3407 |
||
| 003 | AKMAL | ||
| 005 | 20170522153529.0 | ||
| 008 | 170522s1997 io e 000 0 eng d | ||
| 020 | _a9796057867 | ||
| 040 | _aAKMAL | ||
| 082 | 0 | 4 |
_a658.406 KOT _222 |
| 090 | 0 | 0 |
_a658.406 _bKOT |
| 100 | 1 |
_aKotter, John P. _96859 |
|
| 245 | 1 | 0 |
_aLeading change / _cJohn P. Kotter |
| 260 |
_aJakarta : _bPenerbit PT Gramedia Pustaka Utama, _cc1997 |
||
| 300 |
_ax, 229p. ; _c24cm. |
||
| 650 | 1 | 0 |
_aOrganization change _96860 |
| 650 | 2 | 0 |
_aLeadership _9120 |
| 650 | 2 | 0 |
_aIndustrial organization _96226 |
| 650 | 2 | 0 |
_aStrategic planning _96200 |
| 942 |
_2ddc _cBOOK |
||